Bienvenue à la Médiathèque de Saint-Andiol
banniere
Accueil Recherche avancée Mon compte
handi1 Rechercher dans le catalogue

Filtre   Mots-clés
  Recherche avancée
 
Lister les dernières nouveautés
 
Lister les livres GROS CARACTERES
 
Lister les périodiques (magazines)

handi1 Pas caca toutou là !

Book Cover
Auteur principal : Edouard Manceau
Titre : Pas caca toutou là !
Support : Livres
Langue : Francais
Publié : 2025 Seuil jeunesse [Paris]
Genre : Album
Sujets :
Étiquettes :
Pas de tags
LEADER 00831nam0a2200217 450
001 16868124
010 |a 979-10-235-2083-5  |b cart.  |d 10,9 € 
100 |a 20241118d2025 u u0frey01 ba 
101 0 |a fre 
102 |a FR 
200 0 |a Pas caca toutou là !  |f Edouard Manceau 
207 1 |a   
210 |a [Paris]  |c Seuil jeunesse  |d 2025 
215 |a 1 vol. (44 p.)  |c illustrations en couleur  |d 27 cm 
330 |a Un petit chien a besoin de se soulager et cherche un endroit où le faire, mais ce n'est jamais le bon endroit. Un album pour aborder la propreté avec humour. 
606 0 |a Hygiène 
608 |a Livres illustrés pour enfants 
700 0 |a Manceau  |b Edouard  |f 1969-....  |4 70 
900 |a Album 
901 |a Jeunesse 
995 |a Médiathèque  |c Médiathèque  |f 00156010432847  |h 00156010432847  |k A MAN BB  |o p  |q j  |r az  |e Médiathèque